al-Waṣāyā, (Record no. 49892)
[ view plain ]
| 000 -LEADER | |
|---|---|
| fixed length control field | 00969cam a22002531 4500 |
| 001 - CONTROL NUMBER | |
| control field | ne 67002027 |
| 003 - CONTROL NUMBER IDENTIFIER | |
| control field | DLC |
| 005 - DATE AND TIME OF LATEST TRANSACTION | |
| control field | 20260227111835.0 |
| 008 - FIXED-LENGTH DATA ELEMENTS--GENERAL INFORMATION | |
| fixed length control field | 900508s1965 ua b 000 0 ara |
| 010 ## - LIBRARY OF CONGRESS CONTROL NUMBER | |
| LC control number | ne 67002027 |
| 025 ## - OVERSEAS ACQUISITION NUMBER | |
| Overseas acquisition number | PL480:UAR-6149 |
| 035 ## - SYSTEM CONTROL NUMBER | |
| System control number | (OCoLC)21493884 |
| 040 ## - CATALOGING SOURCE | |
| Original cataloging agency | DLC |
| Transcribing agency | WaU |
| Modifying agency | WaU |
| -- | DLC |
| 042 ## - AUTHENTICATION CODE | |
| Authentication code | premarc |
| 050 00 - LIBRARY OF CONGRESS CALL NUMBER | |
| Classification number | BP183.6 |
| Item number | .M78 1965 |
| 100 1# - MAIN ENTRY--PERSONAL NAME | |
| Personal name | Muḥāsibī, al-Ḥārith ibn Asad, |
| Dates associated with a name | -857 or 858. |
| 245 13 - TITLE STATEMENT | |
| Title | al-Waṣāyā, |
| Remainder of title | aw al-Naṣāʼiḥ al-dīnīyah wa-al-nafaj̣āt al-qudsīyah li-nafʻ jamīʻ al-barīyah. |
| Statement of responsibility, etc. | [taʼlīf] al-Ḥārith ibn Asad al-Muḥāsibī. Taḥqīq wa-taʻlīq wa-taqdīm ʻAbd al-Qādir Aḥmad ʻAṭā. |
| 260 ## - PUBLICATION, DISTRIBUTION, ETC. | |
| Place of publication, distribution, etc. | [al-Qāhirah] |
| Name of publisher, distributor, etc. | Muḥammad ʻAlī Ṣabīḥ |
| Date of publication, distribution, etc. | [1965] |
| 300 ## - PHYSICAL DESCRIPTION | |
| Extent | 175 p. |
| Dimensions | 22 cm. |
| 504 ## - BIBLIOGRAPHY, ETC. NOTE | |
| Bibliography, etc. note | Bibliography: p. [23] |
| 650 #0 - SUBJECT ADDED ENTRY--TOPICAL TERM | |
| Topical term or geographic name entry element | Islamic sermons. |
| 700 1# - ADDED ENTRY--PERSONAL NAME | |
| Personal name | ʻAṭā, ʻAbd al-Qādir Aḥmad. |
| 740 0# - ADDED ENTRY--UNCONTROLLED RELATED/ANALYTICAL TITLE | |
| Uncontrolled related/analytical title | Naṣāʼiḥ al-dīnīyah wa-al-nafaḥāt al-qudsīyah. |
No items available.